000 00347nam a2200157Ia 4500
005 20250425161218.0
008 250425s9999 xx 000 0 und d
041 _aspa
082 _a378.866
245 0 _aINFORMATIVO 409 AL 451/1986
250 _aS.E.
260 _aS.L.
260 _aSin Pais
_bS.E.
_c1986
942 _c01
010 _a15203
999 _c204670
_d204670